000 01039nam a2200289 i 4500
001 184438
003 ES-MaACL
005 20250817120125.0
008 150826s1984 sp f |||| | spa d
020 _a84-335-0200-X
080 _a821.14 Homero 1.07
245 0 0 _aIntroducción a Homero /
_cR. Adrados, Fernández-Galiano, Luis Gil, Lasso de la Vega ; editada por Luis Gil.
250 _a1ª ed.
260 _aBarcelona :
_bLabor,
_c1984.
300 _a2 v. (316 p.; 558 p., [32] p. de lám.) ;
_c18 cm.
490 1 _aPunto omega ;
_v282, 283
500 _aÍndices: v. 2.
599 _aLám.: v. 2.
600 0 7 _aHomero-
_xCrítica e interpretación.
_9142553
700 1 _aRodríguez Adrados, Francisco,
_d1922-2020
_998318
700 1 _aFernández-Galiano, Manuel (
_d1918-1988)
_9150962
700 1 _aGil Fernández, Luis.
_956817
700 1 _aLasso de la Vega, José S.
_970475
830 0 _aPunto omega ;
_v282, 283
_9180707
852 _aES-MaACL
_jL-30167
_z. - Donat. Miguel A. Velasco
999 _c184438
_d184438